Robespierre : (Registro nro. 3687)
[ vista simple ]
| 000 -LEADER | |
|---|---|
| fixed length control field | 01097nam a2200253Ia 4500 |
| 003 - CONTROL NUMBER IDENTIFIER | |
| control field | OSt |
| 005 - DATE AND TIME OF LATEST TRANSACTION | |
| control field | 20201002162504.0 |
| 008 - FIXED-LENGTH DATA ELEMENTS--GENERAL INFORMATION | |
| fixed length control field | 191128s1972 ag gr 000 0 spa d |
| 040 ## - CATALOGING SOURCE | |
| Original cataloging agency | CO-JMCR |
| Transcribing agency | CO-JMCR |
| 041 0# - LANGUAGE CODE | |
| Language code of text/sound track or separate title | spa |
| 082 04 - DEWEY DECIMAL CLASSIFICATION NUMBER | |
| Classification number | 944.04 / |
| Item number | S226r |
| Edition number | 23 |
| 100 1# - MAIN ENTRY--PERSONAL NAME | |
| Personal name | Sanguinetti, Horacio, |
| Relator term | autor |
| 9 (RLIN) | 11164 |
| 245 10 - TITLE STATEMENT | |
| Title | Robespierre : |
| Remainder of title | la razón del pueblo / |
| Statement of responsibility, etc. | Horacio Sanguinetti |
| 260 ## - PUBLICATION, DISTRIBUTION, ETC. | |
| Place of publication, distribution, etc. | Buenos Aires : |
| Name of publisher, distributor, etc. | La Bastilla, |
| Date of publication, distribution, etc. | 1972 |
| 300 ## - PHYSICAL DESCRIPTION | |
| Extent | 137 páginas ; |
| Dimensions | 20 cm. |
| 490 0# - SERIES STATEMENT | |
| Series statement | Estaba escrito |
| 504 ## - BIBLIOGRAPHY, ETC. NOTE | |
| Bibliography, etc. note | Bibliografía: páginas 133-136 |
| 505 0# - FORMATTED CONTENTS NOTE | |
| Formatted contents note | Robespierre y el socialismo moderno |
| 520 3# - SUMMARY, ETC. | |
| Summary, etc. | Maximiliano Robespierre, guillotinado en 1794, es uno de los grandes revolucionarios de todos los tiempos. Condenado históricamente por sus vencedores, de él se conserva ante todo la imagen demoníaca, transmitida a designo para "sepultar". |
| 600 14 - SUBJECT ADDED ENTRY--PERSONAL NAME | |
| Personal name | Robespierre, Maximilien Marie Isidore de, |
| General subdivision | critica en interpretación |
| Chronological subdivision | 1758-1794 |
| 9 (RLIN) | 11165 |
| 650 14 - SUBJECT ADDED ENTRY--TOPICAL TERM | |
| Topical term or geographic name entry element | Revolucionarios |
| Geographic subdivision | Francia |
| 9 (RLIN) | 11166 |
| 651 14 - SUBJECT ADDED ENTRY--GEOGRAPHIC NAME | |
| Geographic name | Francia |
| General subdivision | revolución |
| Form subdivision | historia |
| Chronological subdivision | 1789-1799 |
| 9 (RLIN) | 11167 |
| 942 ## - ADDED ENTRY ELEMENTS (KOHA) | |
| Source of classification or shelving scheme | Dewey Decimal Classification |
| Koha item type | Books |
| Withdrawn status | Lost status | Source of classification or shelving scheme | Damaged status | Not for loan | Collection code | Home library | Current library | Date acquired | Source of acquisition | Total Checkouts | Full call number | Barcode | Date last seen | Date last checked out | Copy number | Koha item type |
|---|---|---|---|---|---|---|---|---|---|---|---|---|---|---|---|---|
| Dewey Decimal Classification | Non-fiction | Biblioteca Pública José María del Castillo y Rada | Biblioteca Pública José María del Castillo y Rada | 04/10/2018 | Donación | 1 | 944.04 / S226r | 201807671 | 08/12/2025 | 08/11/2025 | Ej.1 | Books |